=LDR 00000nam 2200000 4500 =001 000362 =005 20250710025631 =035 ##$$a 0010-0725000220 =007 ta =008 250710################a##########0#ind## =020 ##$$a 978-623-307-319-6 =082 ##$$a 398.209 598 =084 ##$$a 398.209 598 ENG m =100 #$$a English hello =245 1#$$a Mencuci pakaian /$c Hello English =250 ##$$a Cetakan pertama =260 ##$$a Rawamangun :$b Badan pengembangan dan pusat bahasa,$c 2022 =300 ##$$a 14 hlm. : $b Ilus. ; $c 21 cm. =990 ##$$a TBM00800080